| Tag |
First Indicator |
Second Indicator |
Subfields |
| LEADER |
00000cas a2200000 a 4500 |
| 001 |
in00000078297 |
| 005 |
20151008060719.0 |
| 008 |
760620d19001948oncuu m n0uuua0eng d |
| 035 |
|
|
|a (OCoLC)02252029
|
| 035 |
|
|
|9 AAJ6407AM
|
| 040 |
|
|
|a MUL
|c MUL
|d m.c.
|d NYG
|d TXA
|d UtOrBLW
|
| 049 |
|
|
|a TXAE
|
| 092 |
|
|
|a 550.5
|b T68
|
| 245 |
0 |
0 |
|a University of Toronto studies.
|p Geological series.
|
| 264 |
|
1 |
|a Toronto :
|b The Library,
|c 1900-1948.
|
| 300 |
|
|
|a volumes :
|b illustrations ;
|c 25 cm.
|
| 336 |
|
|
|a text
|b txt
|2 rdacontent
|
| 337 |
|
|
|a unmediated
|b n
|2 rdamedia
|
| 338 |
|
|
|a volume
|b nc
|2 rdacarrier
|
| 362 |
0 |
|
|a No. 1-52.
|
| 362 |
1 |
|
|a Ceased publication with no. 52, 1948.
|
| 500 |
|
|
|a Title from cover.
|
| 500 |
|
|
|a Each number has also a distictive title.
|
| 650 |
|
0 |
|a Geology
|z Canada
|x Periodicals.
|
| 650 |
|
0 |
|a Mineralogy
|z Canada
|x Periodicals.
|
| 650 |
|
0 |
|a Paleontology.
|
| 710 |
2 |
|
|a University of Toronto.
|
| 999 |
|
|
|a MARS
|
| 999 |
f |
f |
|s c4fedab4-a0f1-3dc2-be74-96f0da1e6610
|i 61054ab3-45e9-3e6a-b870-61d09a17e7c2
|t 0
|
| 952 |
f |
f |
|p default
|a Texas A&M University
|b College Station
|c Sterling C. Evans Library
|d Evans: Library Stacks
|t 0
|e 550.5 .T68
|h Dewey Decimal classification
|i unmediated -- volume
|
| 998 |
f |
f |
|a 550.5 .T68
|s v. 1-17,19-21,23-26,29-47
|t 0
|l Evans: Library Stacks
|